000 00285nam a2200109 a 4500
005 20200930011240.0
008 100901s1997 000 spa d
020 _a8492276010
245 0 _aSupervisando escuelas para el desarrollo.
260 _aSanto Domingo,
_c1997.
999 _c20661
_d20661
040 _aDO-SdBNP